00551 2200217 4500001002100000008004100021035002000062082000800082084001400090100001900104245009000123250000600213260002900219300001200248650001300260990001200273990001200285990001200297990001200309990001200321INLIS000000000000820 ind  a0010-0524000055 a220 a220 PAU p aDian P, Paulus aPendidikan Agama Kristen dan Budi Pekerti Pedoman Kehidupan 1 Kelas XcPaulus Dian P. a1 aYogyakarta :bAndic2019 a244 hlm aNonFiksi a0740949 a0740950 a0740951 a0740952 a0740953